Atomic physics / (Record no. 8338)
[ view plain ]
| 000 -LEADER | |
|---|---|
| fixed length control field | 00921nam a2200313 a 4500 |
| 001 - CONTROL NUMBER | |
| JCCL Control Number | 8338 |
| 003 - CONTROL NUMBER IDENTIFIER | |
| JCCL marc code | BD - JhCC |
| 005 - DATE AND TIME OF LATEST TRANSACTION | |
| control field | 20180222102224.0 |
| 008 - FIXED-LENGTH DATA ELEMENTS--GENERAL INFORMATION | |
| fixed length control field | 880808s1969 enkaf b 001 0 eng |
| 020 ## - INTERNATIONAL STANDARD BOOK NUMBER | |
| International Standard Book Number | 0216890276 |
| 035 ## - SYSTEM CONTROL NUMBER | |
| system control number | (BD - JhCC)8338 |
| 040 ## - CATALOGING SOURCE | |
| Original cataloging agency | DLC |
| Transcribing agency | DLC |
| Modifying agency | m.c |
| -- | BD - JhCC |
| 041 1# - LANGUAGE CODE | |
| Language code of Book | engger |
| 050 #0 - LIBRARY OF CONGRESS CALL NUMBER | |
| Classification number | QC776 |
| Item number | .B5713 1969 |
| 082 ## - DEWEY DECIMAL CLASSIFICATION NUMBER | |
| Classification number | 539.7 |
| Author mark and Year | BON 1969 |
| 100 1# - MAIN ENTRY--PERSONAL NAME | |
| Personal name | Born, Max, |
| Dates associated with a name | 1882-1970. |
| 240 10 - UNIFORM TITLE | |
| Uniform title | Moderne Physik. |
| 245 10 - TITLE STATEMENT | |
| Title | Atomic physics / |
| Statement of responsibility, etc | by Max, Born ; from the original translation of John Dougall. |
| 250 ## - EDITION STATEMENT | |
| Edition statement | 8th ed. / |
| 260 ## - PUBLICATION, DISTRIBUTION, ETC. (IMPRINT) | |
| Place of publication, distribution, etc | London : |
| Name of publisher, distributor, etc | Blackie & Son, |
| Date of publication, distribution, etc | 1969. |
| 300 ## - PHYSICAL DESCRIPTION | |
| Pagination | xiv, 495 p., 11 plates : |
| Other physical details | illus ; |
| Dimensions | 23 cm |
| 500 ## - GENERAL NOTE | |
| General note | Translation of the German Moderne physik |
| 504 ## - BIBLIOGRAPHY, ETC. NOTE | |
| Bibliography, etc | Bibliography: p. 477-481 |
| 650 #0 - SUBJECT ADDED ENTRY--TOPICAL TERM | |
| Topical term or geographic name as entry element | Nuclear physics. |
| 700 1# - ADDED ENTRY--PERSONAL NAME | |
| Personal name | Radcliffe, J. M. |
| 700 1# - ADDED ENTRY--PERSONAL NAME | |
| Personal name | Blin-Stoyle, R. J. |
| Fuller form of name | (Roger John) |
| 942 ## - ADDED ENTRY ELEMENTS (KOHA) | |
| Source of classification or shelving scheme | Dewey Decimal Classification |
| Koha item type | Books |
| Source of classification or shelving scheme | Damaged status | Not for loan | Home library | Current library | Shelving location | Date of accession | Total Checkouts | Full call number | Barcode | Date last seen | Date checked out | Copy number | Koha item type |
|---|---|---|---|---|---|---|---|---|---|---|---|---|---|
| Dewey Decimal Classification | JCC Rouf Library | JCC Rouf Library | General Stacks | 05/21/2024 | 2 | 539.7 BON 1969 | 10906 | 07/24/2024 | 06/02/2024 | C - 1 | Books |